| 000 | 00923nam a2200253 i 4500 | ||
|---|---|---|---|
| 001 | 11653 | ||
| 003 | ES-MaACL | ||
| 005 | 20250808062711.0 | ||
| 007 | t| | ||
| 008 | 961001s1996 sp ||||1| spa d | ||
| 020 | _a84-7914-272-3 | ||
| 080 | _a351.852(4-672-CE)"19"(094) | ||
| 080 | _a348.73(4-672 CE)"19"(094) | ||
| 245 | 0 | 0 |
_aEuropa, Iglesia y patrimonio cultural _b: textos internacionales / _cintroducción y selección por Santiago Petschen. |
| 260 |
_aMadrid : _bBiblioteca de Autores Cristianos, _c1996. |
||
| 300 |
_aXVIII, 338 p. ; _c20 cm. |
||
| 490 | 1 |
_aBiblioteca de autores cristianos ; _v569 |
|
| 650 | 4 |
_aPatrimonio cultural- _zEuropa- _vLegislación. _915892 |
|
| 650 | 1 | 4 |
_aPatrimonio eclesiástico- _zEuropa- _vLegislación. _915893 |
| 700 | 1 |
_aPetschen, Santiago. _991561 |
|
| 830 | 0 | 0 |
_aBiblioteca de autores cristianos _v569 _9178679 |
| 852 |
_aES-MaACL _jJ-556 _bR.46092 |
||
| 999 |
_c11653 _d11653 |
||